<?xml version="1.0" encoding="UTF-8"?><?xml-stylesheet type="text/xsl" href="static/style.xsl"?><OAI-PMH xmlns="http://www.openarchives.org/OAI/2.0/" xmlns:xsi="http://www.w3.org/2001/XMLSchema-instance" xsi:schemaLocation="http://www.openarchives.org/OAI/2.0/ http://www.openarchives.org/OAI/2.0/OAI-PMH.xsd"><responseDate>2026-06-07T23:48:17Z</responseDate><request verb="GetRecord" identifier="oai:docta.ucm.es:20.500.14352/5070" metadataPrefix="marc">https://docta.ucm.es/rest/oai/request</request><GetRecord><record><header><identifier>oai:docta.ucm.es:20.500.14352/5070</identifier><datestamp>2023-08-28T10:03:59Z</datestamp><setSpec>com_20.500.14352_14</setSpec><setSpec>col_20.500.14352_15</setSpec></header><metadata><record xmlns="http://www.loc.gov/MARC21/slim" xmlns:dcterms="http://purl.org/dc/terms/" xmlns:xsi="http://www.w3.org/2001/XMLSchema-instance" xmlns:doc="http://www.lyncode.com/xoai" xsi:schemaLocation="http://www.loc.gov/MARC21/slim http://www.loc.gov/standards/marcxml/schema/MARC21slim.xsd">
   <leader>00925njm 22002777a 4500</leader>
   <datafield ind2=" " ind1=" " tag="042">
      <subfield code="a">dc</subfield>
   </datafield>
   <datafield ind2=" " ind1=" " tag="720">
      <subfield code="a">Chocano Feito, Pedro José</subfield>
      <subfield code="e">author</subfield>
   </datafield>
   <datafield ind2=" " ind1=" " tag="720">
      <subfield code="a">Castilla González, Elena María</subfield>
      <subfield code="e">author</subfield>
   </datafield>
   <datafield ind2=" " ind1=" " tag="260">
      <subfield code="c">2021-10-01</subfield>
   </datafield>
   <datafield ind2=" " ind1=" " tag="520">
      <subfield code="a">El propósito de este estudio es analizar las estadísticas de juego en las principales ligas europeas y ver qué factores son más determinantes a la hora de predecir el resultado de un partido. Para ello usaremos técnicas de estadística multivariante incluyendo análisis de componentes principales y regresión logística. Las dos primeras componentes principales explican alrededor del 70 % de precisión obtenida cuando se predicen victorias fuera de casa tomando como variables predictivas las propias componentes. Este estudio también demuestra que en la liga inglesa los partidos son menos equilibrados.</subfield>
   </datafield>
   <datafield ind2=" " ind1=" " tag="520">
      <subfield code="a">The purpose of this study is to analyse main game-related statistics differences between the main European leagues and which factors are more determinant when predicting a match
score, by means of multivariate statistical techniques, including principal component analysis and logistic regression. The first two principal components explain around the 70 % of variance, and over a 70 % of accuracy is obtained when predicting away-team wins, with these two
principal components as predictive variables. This study also shows that in English Premier League, games are less equilibrated.</subfield>
   </datafield>
   <datafield ind1="8" ind2=" " tag="024">
      <subfield code="a">2174-0410</subfield>
   </datafield>
   <datafield ind1="8" ind2=" " tag="024">
      <subfield code="a">https://hdl.handle.net/20.500.14352/5070</subfield>
   </datafield>
   <datafield ind1="8" ind2=" " tag="024">
      <subfield code="a">https://revista.giepm.com/wp-content/uploads/investigacion_estadistica.pdf</subfield>
   </datafield>
   <datafield ind2="0" ind1="0" tag="245">
      <subfield code="a">Estadística multivariante aplicada al análisis y predicción de partidos de fútbol en las principales ligas europeas</subfield>
   </datafield>
</record></metadata></record></GetRecord></OAI-PMH>